Statistics for Every Minecraft Championships Winners

Click here to take the quiz!

General Stats

  • This quiz has been taken 245 times
    (77 since last reset)
  • The average score is 49 of 66

Answer Stats

#Player% Correct
2Technoblade
98%
3TommyInnit
95%
7Dream
93%
4Ph1LzA
93%
2WilburSoot
93%
3Fruitberries
91%
4Smajor1995
91%
4GeorgeNotFound
89%
4PeteZahHutt
89%
6Sapnap
89%
3BadBoyHalo
86%
2OrionSound
86%
2CaptainSparklez
84%
3FalseSymmetry
84%
1Grian
84%
1Tubbo
84%
5HBomb94
82%
2Illumina
82%
1Rendog
82%
4Seapeekay
82%
2Punz
80%
2Smallishbeans
80%
2SolidarityGaming
80%
2Jojosolos
77%
2KarlJacobs
77%
1Krtzy
77%
3Michaelmcchill
77%
3Quig
77%
1CaptainPuffy
75%
1KaraCorvus
75%
2KingBurren
75%
1Purpled
75%
3ShubbleYT
75%
1Fundy
73%
1GoodTimesWithScar
70%
1Skeppy
70%
2TheEret
70%
15up
68%
1Antfrost
68%
2F1NN5TER
68%
1GeminiTay
68%
1Quackity
68%
1SB737
68%
2Sneegsnag
68%
1Sylvee
68%
1TapL
68%
1Wisp
68%
2Blushi
66%
1Cubfan135
66%
1FWhip
66%
1Krinios
66%
1Vikkstar123
66%
1FireBreathMan
64%
1MiniMuka
64%
1Snifferish
64%
1GizzyGazza
61%
1KryticZeuZ
61%
2Ryguyrocky
61%
1Silver
61%
1xNestorio
61%
1Bitzel
59%
1FoolishGamers
59%
1InTheLittleWood
59%
1Kreekcraft
57%
1ImpulseSV
55%
1BDoubleO100
48%

Score Distribution

Percentile by Number Answered

Percent of People with Each Score

Your Score History

You have not taken this quiz since the last reset